000 00656nam a22001817a 4500
005 20150708171055.0
006
008 150708b xxu||||| |||| 00| 0 eng d
022 _a2231-4075
037 _bBahri Publications, 997A/9, PO Box 4453, Gobind Puri, Kalkaji, New Delhi 110019, India
082 _a401
245 0 0 _aJournal of advanced linguistic studies
260 _aNew Delhi :
_bBahri Publications,
_c2014
300 _av. ;
_c20cm.
310 _aHalf-Yearly
270 _a1749/A5, Ist Floor, Govindpuri Extension, PO Box No. 4453, Kalkaji
_bNew Delhi
_e110019
_k65810766
_mbahrius@vsnl.com
942 _2ddc
_cSR
_mJOU
_s1
_h401
999 _c94749
_d94749